| 000 | 01562nmm a2200469 a 4500 | ||
|---|---|---|---|
| 003 | AR-BaBNM | ||
| 005 | 20251128203521.0 | ||
| 008 | 216019s1988 ||||||||||||||000 | spa|| | ||
| 020 | _a950-01-0331-1 | ||
| 040 | _cAR-BaBNM | ||
| 245 | 1 | 0 | _aEducación de la sexualidad |
| 250 | _a1ª ed. | ||
| 260 |
_aBuenos Aires _bCentro de Estudios Educativos de la FECIC _bEstrada _c1988 |
||
| 300 | 0 | _a131 p. | |
| 500 | 1 | _aF.E.C.I.C.:Fundación para la Educación, la Ciencia y la Cultura | |
| 504 | _aContiene bibliografía al final de cada capítulo | ||
| 650 | 4 | _aEDUCACION SEXUAL | |
| 650 | 4 | _aADOLESCENTES | |
| 650 | 4 | _aADOLESCENCIA | |
| 650 | 4 | _aAFECTIVIDAD | |
| 650 | 4 | _aSEXUALIDAD | |
| 650 | 4 | _aSEXO FEMENINO | |
| 650 | 4 | _aSEXO MASCULINO | |
| 650 | 4 | _aRELACIONES HUMANAS | |
| 653 | 0 | _aEDUCACION INICIAL | |
| 653 | 0 | _aEDUCACION PRIMARIA | |
| 700 | 1 |
_aRay, Carlos Abel _edirector |
|
| 700 | 1 |
_aCambiano, Carlos Alberto _edirector |
|
| 700 | 1 |
_aBottini de Rey, Zelmira _edirector |
|
| 700 | 1 |
_aAras, Roberto _ecolaborador |
|
| 700 | 1 |
_aArzamendia de Castelucci, María Lidia _ecolaborador |
|
| 700 | 1 |
_aBattaglia, María Teresa _ecolaborador |
|
| 700 | 1 |
_aBouzas, Liliana _ecolaborador |
|
| 700 | 1 |
_aFernández, Carlos _ecolaborador |
|
| 700 | 1 |
_aGiovannini, María Cristina _ecolaborador |
|
| 700 | 1 |
_aLeiva, Luis Enrique _ecolaborador |
|
| 700 | 1 |
_aMerchante, Fermín R. _ecolaborador |
|
| 700 | 1 |
_aProfili de Cambiano, María Cristina _ecolaborador |
|
| 700 | 1 |
_aVaucherer, Gerardo _ecolaborador |
|
| 942 | _cBK | ||
| 998 | _csilvi | ||
| 999 |
_c3747 _d3747 |
||